1502 1031 1777 1481 1206 1801 1055 1955 1468 1637 1167 1573 1082 1224 1487 1350 1437 1079 1103 1266 1804 1626 1744 1850 1909 1033 1034 1825 1042 1202 1142 1518 1934 1793 1158 1347 1126 1821 1554 1082 1157 1538 1724 1308 1411 1295 1062 1133 1411 1033 1986 1531 1353 1983 1022 1369 1181 1372 1268 1671 1190 1233 1780 1250 1292 1760 1664 1389 1643 1924 1437 1845 1198 1523 1897 1147 1159 1341 1746 1130 1875 1315 1181 1555 1075 1490 1771 1130 1551 1437 1847 1535 1964 1946 1467 1747 1966 1880 1766 BCNSPRNW ULIB Ver.6.0+V

เปลี่ยนเป็นภาษาไทย

Change to English
 แสดงรายละเอียดบรรณานุกรม
  กลับหน้าหลัก

Brief Record : Get Marc (ISO 2709) : E-mail record : QR code < ปิดหน้าต่าง
LEADER : 00000nam 2200000uu 4500
001    13399121752
003     ULIB
008    121204s2547||||th 000 0 tha d
060 04 ^aWC503^bก276ค
245 00 ^aรายงานการสังเคราะห์องค์ความรู้จากการประชุมนานาชาติเรื่องโรคเอดส์ครั้งที่ 15 :^bด้านสังคมและเศรษฐกิจ : มิติทางสังคมและเศรษฐกิจในเอดส์โลกที่กรุงเทพฯ : คำถามและข้อท้าทายว่าด้วย ความทั่วถึงและเท่าเทียม /^cชื่นฤทัย กาญจนะจิตรา ... [และคณะ] ; บรรณาธิการ, กฤตยา อาชวนิจกุล, ภัสสร ลิมานนท์ ; จัดทำโดย สำนักโรคเอดส์ วัณโรคและโรคติดต่อทางเพศสัมพันธ์ กรมควบคุมโรค กระทรวงสาธารณสุข
246 30 ^aการสังเคราะห์องค์ความรู้จากการประชุมนานาชาชาติเรื่องโรคเอดส์ครั้งที่ 15 :^bด้านสังคมและเศรษฐกิจ
250    ^aพิมพ์ครั้งที่ 1
260    ^aนนทบุรี :^bสำนักโรคเอดส์ วัณโรคและโรคติดต่อทางเพศสัมพันธ์,^c2547
300    ^aก-ช, 47 หน้า :^bภาพประกอบ ;^c30 ซม.
650  7 ^aกลุ่มอาการภูมิคุ้มกันเสื่อม
650  7 ^aโรคเอดส์
700 0  ^aกฤตยา อาชวนิจกุล,^eบรรณาธิการ
700 0  ^aภัสสร ลิมานนท์,^eบรรณาธิการ
700 0  ^aชื่นฤทัย กาญจนะจิตรา
710 2  ^aกรมควบคุมโรค. ^bสำนักโรคเอดส์ วัณโรคและโรคติดต่อทางเพศสัมพันธ์
711 2  ^aการประชุมนานาชาติเรื่องโรคเอดส์^n(ครั้งที่ 15 :^d2547 :^cนนทบุรี)
945    ^p0^l0^i19557
995    ^aทศพร
999    ^aทศพร
รายการนี้ยังไม่มีแท็ก
คุณยังไม่ได้ล็อกอิน คุณสามารถมีกิจกรรมร่วมกับเว็บไซต์ได้ แต่ต้องล็อกอินก่อน ::
  ล็อกอิน

รายการสื่อสารสนเทศ

ลำดับที่ ประเภท เลขเรียก/บาร์โค้ด สถานที่ สถานะ
1. วิทยาศาสตร์การแพทย์ และสุขภาพ
วิทยาศาสตร์การแพทย์ และสุขภาพ
WC503 ก276ค ฉ.1 
  Barcode: 19557
ห้องสมุดวิทยาเขตสวรรค์ประชารักษ์
►หนังสือทั่วไป
ถูกยืม กำหนดส่งวันที่ 15 พฤษภาคม 2558
  จอง

รายการใกล้เคียง
    หัวเรื่อง [กลุ่มอาการภูมิคุ้มกันเสื่อม]
    หัวเรื่อง [โรคเอดส์]

BibComment


ยังไม่เคยถูกคอมเมนท์

คอมเมนท์ทรัพยากรรายการนี้
  คอมเมนท์: รายงานการสังเครา..


 Copyright 2026. Bcnsprnw @Library